[Event "SV Horst-Emscher 2 - SF Brackel 3"]
[Site "Verbandsklasse - Gruppe 2 202"]
[Date "2022.05.22"]
[Round "9.1"]
[White "Bree, Thomas"]
[Black "Renn, Thorsten"]
[Result "1-0"]
[WhiteElo "2045"]
[BlackElo "1883"]
[PlyCount "89"]
[EventDate "2022.??.??"]
[WhiteTeam "SF Brackel 3"]
[BlackTeam "SV Horst-Emscher 2"]

1. d4 e6 2. c4 Nf6 3. Nf3 d5 4. g3 b6 5. Bg2 Bb7 6. Ne5 Bd6 7. Qa4+ Nfd7 8.
cxd5 Bxe5 9. dxe5 O-O 10. O-O exd5 11. Nc3 Nxe5 12. Rd1 c6 13. e4 d4 14. Rxd4
Qe7 15. Bf4 c5 16. Rd2 Bc6 17. Qb3 Nbd7 18. Nd5 Bxd5 19. exd5 Rad8 20. h4 c4
21. Qc3 Rfe8 22. Re2 f6 23. Rae1 Kf8 24. Qc2 g6 25. Bh6+ Kf7 26. d6 Qxd6 27.
Rd1 Qc5 28. Bd5+ Re6 29. Be3 Qe7 30. f4 Ng4 31. f5 Kg7 32. fxe6 Nde5 33. Bf2
Nxf2 34. Rxf2 Qc5 35. Be4 Rxd1+ 36. Qxd1 f5 37. Bc2 Ng4 38. Qd2 Nxf2 39. Qxf2
Qe5 40. Bd1 Qxe6 41. Qd4+ Kg8 42. Bf3 Qe1+ 43. Kg2 Qc1 44. Bd5+ Kf8 45. Qf6+
1-0

[Event "SV Horst-Emscher 2 - SF Brackel 3"]
[Site "Verbandsklasse - Gruppe 2 202"]
[Date "2022.05.22"]
[Round "9.2"]
[White "Becker, Marco"]
[Black "Althoff, Ralph"]
[Result "1-0"]
[WhiteElo "1925"]
[BlackElo "1974"]
[PlyCount "53"]
[EventDate "2022.??.??"]
[WhiteTeam "SV Horst-Emscher 2"]
[BlackTeam "SF Brackel 3"]

1. e4 c5 2. g3 Nc6 3. Bg2 e6 4. d3 Nf6 5. Ne2 Be7 6. O-O d6 7. h3 Bd7 8. f4 h5
9. c3 Qb6 10. Nd2 e5 11. Nc4 Qa6 12. Ne3 O-O-O 13. d4 cxd4 14. cxd4 h4 15. g4
Qb6 16. g5 exd4 17. gxf6 Bxf6 18. Nd5 Qc5 19. Kh1 Qc4 20. Bd2 Kb8 21. b3 Qa6
22. a4 Rde8 23. b4 Qc4 24. b5 Ne7 25. Rc1 Qd3 26. Nb4 Qa3 27. Rf3 1-0

[Event "SV Horst-Emscher 2 - SF Brackel 3"]
[Site "Verbandsklasse - Gruppe 2 202"]
[Date "2022.05.22"]
[Round "9.3"]
[White "Al Tarboush, Hussam"]
[Black "Verfuerth, Christian"]
[Result "1/2-1/2"]
[WhiteElo "1973"]
[BlackElo "1824"]
[PlyCount "131"]
[EventDate "2022.??.??"]
[WhiteTeam "SF Brackel 3"]
[BlackTeam "SV Horst-Emscher 2"]

1. e4 e6 2. d4 d5 3. Nd2 Nf6 4. e5 Nfd7 5. Ne2 c5 6. c3 Nc6 7. Nf3 cxd4 8. cxd4
f6 9. Nf4 fxe5 10. Nxe6 Qa5+ 11. Bd2 Bb4 12. Nxg7+ Kf7 13. Nf5 e4 14. N3h4 Nf6
15. Be2 Bxd2+ 16. Qxd2 Qxd2+ 17. Kxd2 Bxf5 18. Nxf5 Ke6 19. g4 h5 20. h3 Rag8
21. Rhg1 hxg4 22. hxg4 Rh2 23. Raf1 Rc8 24. Rh1 Rch8 25. Rhg1 Rc8 26. Rg3 Rch8
27. Bb5 Ne7 28. Nxe7 Kxe7 29. g5 Nh5 30. Rg4 Rf8 31. Ke1 Nf4 32. g6 Ne6 33. g7
Rg8 34. Rfg1 Nxd4 35. Be2 Ne6 36. Bd1 Rh7 37. Bb3 Kd6 38. Ke2 Rhxg7 39. Rxg7
Rxg7 40. Rxg7 Nxg7 41. f3 exf3+ 42. Kxf3 Ke5 43. Ke3 Nf5+ 44. Kd3 Kd6 45. Bd1
Kc5 46. Bg4 Nd6 47. Be6 a5 48. Bg8 Nc4 49. Kc3 d4+ 50. Kc2 Ne5 51. Kd2 b5 52.
Kc2 a4 53. Bh7 Nc6 54. Kd2 Nb4 55. Bb1 Nc6 56. Bc2 Ne5 57. Be4 Kc4 58. Bh7 b4
59. Bg8+ Kc5 60. Bh7 Nc4+ 61. Kc2 a3 62. bxa3 Nxa3+ 63. Kb3 Nb5 64. Bg6 Na3 65.
Bd3 Nb5 66. Bh7 1/2-1/2

[Event "SV Horst-Emscher 2 - SF Brackel 3"]
[Site "Verbandsklasse - Gruppe 2 202"]
[Date "2022.05.22"]
[Round "9.4"]
[White "Doenges, Dirk"]
[Black "Bense, Dirk"]
[Result "1-0"]
[WhiteElo "1748"]
[BlackElo "1992"]
[PlyCount "61"]
[EventDate "2022.??.??"]
[WhiteTeam "SV Horst-Emscher 2"]
[BlackTeam "SF Brackel 3"]

1. e4 c5 2. Nf3 d6 3. c4 Nc6 4. Nc3 g6 5. d4 cxd4 6. Nxd4 Bg7 7. Nxc6 bxc6 8.
Qc2 Nf6 9. Be2 O-O 10. O-O Qc7 11. Bg5 Rb8 12. b3 Qa5 13. Bd2 Qc7 14. Rad1 Be6
15. Bf4 Nd7 16. Qd2 Nc5 17. Bh6 a5 18. Rb1 Rfd8 19. Bxg7 Kxg7 20. f4 f6 21. Qe3
Qb6 22. e5 d5 23. cxd5 cxd5 24. exf6+ exf6 25. Qd4 Na4 26. Qxb6 Nxb6 27. Rbd1
Rbc8 28. Nb5 Rc2 29. Nd4 Rxe2 30. Nxe2 Bg4 31. Rd2 1-0

[Event "SV Horst-Emscher 2 - SF Brackel 3"]
[Site "Verbandsklasse - Gruppe 2 202"]
[Date "2022.05.22"]
[Round "9.5"]
[White "Bungarten, Jona"]
[Black "Hiebsch, Catalina"]
[Result "1/2-1/2"]
[WhiteElo "2003"]
[BlackElo "1775"]
[PlyCount "89"]
[EventDate "2022.??.??"]
[WhiteTeam "SF Brackel 3"]
[BlackTeam "SV Horst-Emscher 2"]

1. e4 c5 2. d4 cxd4 3. c3 dxc3 4. Nxc3 Nc6 5. Nf3 d6 6. Bc4 g6 7. Bg5 Bg7 8.
Qb3 Be6 9. Bxe6 fxe6 10. Qxb7 Rc8 11. O-O Qd7 12. Qa6 Nh6 13. Nb5 O-O 14. Rac1
Nf7 15. Be3 Bxb2 16. Rb1 Bg7 17. Nxa7 Nxa7 18. Bxa7 Ra8 19. Rb7 Qc8 20. Qb6 Qc4
21. Rxe7 Qxa2 22. Qb7 Bf6 23. Rxf7 Rxf7 24. Qxa8+ Kg7 25. Qc6 Rxa7 26. Qxd6 h6
27. h3 Kf7 28. Ne5+ Bxe5 29. Qxe5 Qd2 30. Rb1 g5 31. Qh8 Kg6 32. Qg8+ Kf6 33.
Qf8+ Kg6 34. Qe8+ Kf6 35. Qh5 Kg7 36. Qg4 Kf7 37. Rb3 Qd6 38. Rg3 Ra1+ 39. Kh2
Kg6 40. f4 Qb6 41. Re3 Qxe3 42. Qxe6+ Kh7 43. Qf7+ Kh8 44. Qf6+ Kh7 45. Qf7+
1/2-1/2

[Event "SV Horst-Emscher 2 - SF Brackel 3"]
[Site "Verbandsklasse - Gruppe 2 202"]
[Date "2022.05.22"]
[Round "9.6"]
[White "Schreiner, Paulo"]
[Black "Tomasjan, Samuel"]
[Result "0-1"]
[WhiteElo "1796"]
[BlackElo "1787"]
[PlyCount "64"]
[EventDate "2022.??.??"]
[WhiteTeam "SV Horst-Emscher 2"]
[BlackTeam "SF Brackel 3"]

1. d4 e6 2. c4 d5 3. Nc3 Be7 4. Bf4 Nf6 5. e3 O-O 6. Bd3 dxc4 7. Bxc4 Nbd7 8.
Nf3 c5 9. O-O cxd4 10. exd4 Nb6 11. Bb3 Nbd5 12. Be5 b6 13. a3 Bb7 14. Qd3 a5
15. Ng5 g6 16. Qh3 h5 17. Nxe6 fxe6 18. Qxe6+ Kh7 19. Rfe1 Bc8 20. Qc6 Bd7 21.
Qc4 Rc8 22. Qd3 Bf5 23. Qd2 Nxc3 24. bxc3 Ne4 25. Rxe4 Bxe4 26. f3 Bf5 27. h3
Bg5 28. f4 Bh6 29. Kh2 Re8 30. Re1 Qe7 31. Qc1 Qh4 32. Qe3 Bxf4+ 0-1

[Event "SV Horst-Emscher 2 - SF Brackel 3"]
[Site "Verbandsklasse - Gruppe 2 202"]
[Date "2022.05.22"]
[Round "9.7"]
[White "Truemper, Michael"]
[Black "Rohsiepe, Sebastian"]
[Result "1/2-1/2"]
[WhiteElo "1867"]
[BlackElo "1629"]
[PlyCount "108"]
[EventDate "2022.??.??"]
[WhiteTeam "SF Brackel 3"]
[BlackTeam "SV Horst-Emscher 2"]

1. d4 d5 2. c4 e6 3. Nc3 Nf6 4. Bg5 Be7 5. e3 h6 6. Bh4 O-O 7. Nf3 Nc6 8. cxd5
Nxd5 9. Bxe7 Qxe7 10. Bd3 a6 11. O-O Rd8 12. Rc1 Nf6 13. a3 Bd7 14. Re1 Rac8
15. Na4 Rb8 16. Nc5 Be8 17. Qc2 e5 18. dxe5 Nxe5 19. Nxe5 Qxe5 20. Red1 c6 21.
Be2 Nd7 22. Ne4 Nf6 23. Nc5 Nd7 24. Nd3 Qf6 25. Qb3 Qe7 26. Rc2 Kh8 27. Rcd2 f6
28. Nf4 Nc5 29. Qc2 Rxd2 30. Rxd2 Ne4 31. Rd4 Nd6 32. Qc5 Rd8 33. Bd3 Qe5 34.
Qb6 Qe7 35. Qb4 g5 36. Ne2 Qc7 37. Ng3 c5 38. Qc3 Nb5 39. Bxb5 Bxb5 40. Rxd8+
Qxd8 41. h3 Kg7 42. Qxc5 Bc6 43. Nf5+ Kg6 44. Ne7+ Kg7 45. Nxc6 bxc6 46. Qxc6
Qa5 47. g3 Qe1+ 48. Kg2 Qb1 49. b4 Qb3 50. Qxa6 Qd5+ 51. Kg1 Qb3 52. b5 Qb1+
53. Kg2 Qe4+ 54. Kh2 Qf3 1/2-1/2

[Event "SV Horst-Emscher 2 - SF Brackel 3"]
[Site "Verbandsklasse - Gruppe 2 202"]
[Date "2022.05.22"]
[Round "9.8"]
[White "Krakau, Uwe"]
[Black "Seref, Serkan"]
[Result "1-0"]
[WhiteElo "1738"]
[BlackElo "1705"]
[PlyCount "61"]
[EventDate "2022.??.??"]
[WhiteTeam "SV Horst-Emscher 2"]
[BlackTeam "SF Brackel 3"]

1. e4 c5 2. Nf3 e6 3. d4 cxd4 4. Nxd4 a6 5. Be3 Nc6 6. Nxc6 bxc6 7. Bd3 Nf6 8.
O-O d5 9. e5 Nd7 10. f4 c5 11. c3 g6 12. Nd2 Bg7 13. b4 c4 14. Bc2 O-O 15. Nf3
Re8 16. a4 Bb7 17. a5 Qc7 18. Bd4 f6 19. Qe1 fxe5 20. fxe5 Qd8 21. Qg3 Rf8 22.
Ng5 Qe7 23. Nxh7 Rxf1+ 24. Rxf1 Nxe5 25. Bxe5 Bxe5 26. Qxg6+ Qg7 27. Qxe6+ Kh8
28. Nf6 Bxf6 29. Rxf6 Qg5 30. Rh6+ Kg7 31. Rh7+ 1-0

[Event "SF Buer 1 - SC Rochade Rüttenscheid 1"]
[Site "Verbandsklasse - Gruppe 2 202"]
[Date "2022.05.22"]
[Round "9.2"]
[White "Renk, Christoph"]
[Black "Stanau, Guido"]
[Result "1-0"]
[WhiteElo "1970"]
[BlackElo "2001"]
[PlyCount "77"]
[EventDate "2022.??.??"]
[WhiteTeam "SF Buer 1"]
[BlackTeam "SC Rochade Rüttenscheid 1"]

1. d4 Nf6 2. c4 e6 3. Nf3 d5 4. g3 c6 5. Nbd2 Be7 6. Bg2 O-O 7. O-O b6 8. Qc2
Bb7 9. e4 dxe4 10. Nxe4 Nbd7 11. Ne5 Qc8 12. Bg5 Qe8 13. Bf4 Nh5 14. Ng5 Bxg5
15. Bxg5 h6 16. Qe2 Nhf6 17. Bf4 Rc8 18. h4 Qe7 19. Rad1 Rfd8 20. b3 Nf8 21.
Qf3 Ba8 22. Qe3 Nh5 23. c5 bxc5 24. dxc5 f6 25. Nd3 e5 26. Bf3 Qf7 27. Qe2 Nxf4
28. gxf4 Rd4 29. Be4 f5 30. Bg2 e4 31. Ne5 Qd5 32. Rxd4 Qxd4 33. Qh5 e3 34.
fxe3 Qxe3+ 35. Kh1 Qxc5 36. Qf7+ Kh8 37. Qxf5 Nd7 38. Qxd7 Rf8 39. Ng6+ 1-0

[Event "SF Buer 1 - SC Rochade Rüttenscheid 1"]
[Site "Verbandsklasse - Gruppe 2 202"]
[Date "2022.05.22"]
[Round "9.3"]
[White "Dorgarten, Armin"]
[Black "Kreitling, Oliver"]
[Result "1/2-1/2"]
[WhiteElo "1947"]
[BlackElo "1882"]
[PlyCount "47"]
[EventDate "2022.??.??"]
[WhiteTeam "SC Rochade Rüttenscheid 1"]
[BlackTeam "SF Buer 1"]

1. e4 c6 2. Nf3 d5 3. Nc3 dxe4 4. Nxe4 Bf5 5. Ng3 Bg6 6. h4 h6 7. Ne5 Bh7 8.
Qh5 g6 9. Bc4 e6 10. Qe2 Qe7 11. b3 Nf6 12. Bb2 Bg7 13. d4 Nd5 14. a4 Qb4+ 15.
Kf1 Qb6 16. Ne4 O-O 17. g3 Rd8 18. Qf3 f5 19. a5 Qc7 20. Nc5 Re8 21. Kg2 Bxe5
22. dxe5 Nd7 23. Nxd7 Qxd7 24. Ba3 1/2-1/2

[Event "SF Buer 1 - SC Rochade Rüttenscheid 1"]
[Site "Verbandsklasse - Gruppe 2 202"]
[Date "2022.05.22"]
[Round "9.4"]
[White "Olschewski, Niklas"]
[Black "Scharenberg, Rainer"]
[Result "0-1"]
[WhiteElo "1701"]
[BlackElo "2052"]
[PlyCount "82"]
[EventDate "2022.??.??"]
[WhiteTeam "SF Buer 1"]
[BlackTeam "SC Rochade Rüttenscheid 1"]

1. d4 g6 2. c4 Bg7 3. Nc3 c5 4. d5 Bxc3+ 5. bxc3 f5 6. Nf3 d6 7. Qc2 Nf6 8. e3
Nbd7 9. Be2 Qa5 10. Nd2 Nb6 11. Nb3 Qa4 12. Qd3 Nfd7 13. f4 Nf6 14. Nd2 Bd7 15.
O-O O-O-O 16. Bd1 Qa5 17. a4 e6 18. Bf3 Qa6 19. e4 fxe4 20. Bxe4 exd5 21. Bf3
Bf5 22. Qe3 Rhe8 23. Qf2 dxc4 24. a5 Bd3 25. Bb2 Nbd5 26. Rfd1 Nxf4 27. Bxb7+
Qxb7 28. Qxf4 Nh5 29. Qg4+ Bf5 30. Qxc4 Qxb2 31. Ra2 Qb7 32. a6 Qb6 33. Qf7 Be6
34. Qxh7 Bxa2 35. Ra1 Qb2 36. Rxa2 Qc1+ 37. Nf1 Rd7 38. Qxg6 Rf8 39. Qd3 Rdf7
40. Qh3+ Kc7 41. Qxh5 Qxf1# 0-1

[Event "SF Buer 1 - SC Rochade Rüttenscheid 1"]
[Site "Verbandsklasse - Gruppe 2 202"]
[Date "2022.05.22"]
[Round "9.5"]
[White "Furchtbar, Uwe"]
[Black "Seppelfricke, Guido"]
[Result "1-0"]
[WhiteElo "1848"]
[BlackElo "1851"]
[PlyCount "69"]
[EventDate "2022.??.??"]
[WhiteTeam "SC Rochade Rüttenscheid 1"]
[BlackTeam "SF Buer 1"]

1. c4 c5 2. Nc3 Nf6 3. g3 Nc6 4. Bg2 g6 5. a3 Bg7 6. Rb1 O-O 7. b4 cxb4 8. axb4
d6 9. d3 a5 10. bxa5 Qxa5 11. Bd2 Qh5 12. Bf3 Qc5 13. h3 e6 14. Nb5 d5 15. Be3
Qe7 16. Bg2 dxc4 17. dxc4 Rd8 18. Qc1 Ra2 19. Nf3 Nb4 20. O-O Rc2 21. Qa3 Bf8
22. Bb6 Rd7 23. Qa8 Qe8 24. Nc7 Rxc7 25. Bxc7 Ra2 26. Ba5 Nc6 27. Ra1 Rxe2 28.
Bb6 Nd7 29. Be3 Rc2 30. Rfc1 Rb2 31. c5 Bg7 32. Ra2 Rb5 33. Nd2 Nde5 34. Ne4
Qd8 35. Nd6 1-0

[Event "SV Königsspringer Haltern 1 - SV Eichli"]
[Site "Verbandsklasse - Gruppe 2 202"]
[Date "2022.05.22"]
[Round "9.1"]
[White "Zachos, Ingo"]
[Black "Lombardi, Marco"]
[Result "1/2-1/2"]
[WhiteElo "1963"]
[BlackElo "1933"]
[PlyCount "110"]
[EventDate "2022.??.??"]
[WhiteTeam "SV Eichlinghofen 2"]
[BlackTeam "SV Königsspringer Haltern 1"]

1. Nf3 b6 2. g3 Bb7 3. Bg2 Nf6 4. O-O d5 5. b3 e6 6. Bb2 Be7 7. c4 O-O 8. e3
Nbd7 9. Nc3 Rc8 10. Qe2 Re8 11. cxd5 exd5 12. Nh4 g6 13. Nf3 Nc5 14. b4 Nce4
15. b5 c5 16. bxc6 Rxc6 17. Nd4 Rc5 18. Rfc1 Qd7 19. f3 Nxc3 20. Bxc3 Rec8 21.
Qf1 Qa4 22. Bh3 R8c7 23. Qd1 Qe8 24. a4 Ba6 25. Qb3 Bc4 26. Qb2 Nd7 27. Bb4 Bf6
28. Qa3 Ne5 29. Bxc5 bxc5 30. Nb5 Bxb5 31. axb5 Nxf3+ 32. Kf2 Bxa1 33. Kxf3 Bf6
34. Kf2 Qxb5 35. Bf1 Qb6 36. Qa4 d4 37. Bc4 dxe3+ 38. dxe3 Qb2+ 39. Rc2 Qe5 40.
Qb5 Re7 41. Re2 Bg5 42. Qb3 h5 43. Bd5 h4 44. e4 Kg7 45. Kg2 hxg3 46. hxg3 f5
47. Qd3 f4 48. Qa6 f3+ 49. Kxf3 Qf6+ 50. Qxf6+ Bxf6 51. Ra2 Rc7 52. Bc4 Be5 53.
Ra6 Bc3 54. Kf4 Re7 55. Bd5 Bd2+ 1/2-1/2

[Event "SV Königsspringer Haltern 1 - SV Eichli"]
[Site "Verbandsklasse - Gruppe 2 202"]
[Date "2022.05.22"]
[Round "9.2"]
[White "Czarnik, Jozef"]
[Black "Lenz, Helmut"]
[Result "0-1"]
[WhiteElo "1885"]
[BlackElo "1977"]
[PlyCount "70"]
[EventDate "2022.??.??"]
[WhiteTeam "SV Königsspringer Haltern 1"]
[BlackTeam "SV Eichlinghofen 2"]

1. d4 e6 2. e4 b6 3. Nf3 Bb7 4. Bd3 c5 5. c3 d5 6. Qe2 dxe4 7. Bxe4 Bxe4 8.
Qxe4 Nd7 9. O-O Ngf6 10. Qe2 Bd6 11. Na3 O-O 12. Nb5 Bb8 13. Rd1 a6 14. dxc5
bxc5 15. Nd6 Qb6 16. Nc4 Qc7 17. g3 Nd5 18. Ng5 N7b6 19. Qe4 Nf6 20. Qf3 Nbd5
21. Ne3 Ra7 22. c4 Nb4 23. b3 Qe5 24. a3 Qxa1 25. axb4 Qe5 26. Ng2 cxb4 27. Bf4
Qc3 28. Rd3 Qa1+ 29. Rd1 Qa5 30. Be3 Rd7 31. Rxd7 Nxd7 32. Nf4 Qxg5 33. Nxe6
fxe6 34. Qxf8+ Kxf8 35. Bxg5 Nc5 0-1

[Event "SV Königsspringer Haltern 1 - SV Eichli"]
[Site "Verbandsklasse - Gruppe 2 202"]
[Date "2022.05.22"]
[Round "9.3"]
[White "Guddat, Joern"]
[Black "Michalicek, Roland"]
[Result "1/2-1/2"]
[WhiteElo "1753"]
[BlackElo "1840"]
[PlyCount "106"]
[EventDate "2022.??.??"]
[WhiteTeam "SV Eichlinghofen 2"]
[BlackTeam "SV Königsspringer Haltern 1"]

1. d4 d5 2. c4 e6 3. Nc3 Nf6 4. Nf3 Nbd7 5. Bg5 Be7 6. e3 a6 7. Rc1 O-O 8. Bd3
dxc4 9. Bxc4 b5 10. Bd3 c5 11. O-O Bb7 12. Qe2 Rc8 13. Rfd1 cxd4 14. Nxd4 Nd5
15. Bxe7 Qxe7 16. Nxd5 Bxd5 17. Bb1 Qf6 18. Nf3 Bxf3 19. gxf3 Qg5+ 20. Kh1 Nf6
21. a4 g6 22. axb5 axb5 23. Rc3 Rxc3 24. bxc3 Qc5 25. Be4 Nxe4 26. fxe4 Qxc3
27. Qxb5 Qc2 28. Qd3 Qxf2 29. Rf1 Qh4 30. Rf4 Qe7 31. e5 Rb8 32. Qd6 Qxd6 33.
exd6 Rb1+ 34. Kg2 Rd1 35. Kf3 Rxd6 36. Ra4 Kg7 37. Kf4 h6 38. h4 f5 39. Ke5 Rd7
40. Kxe6 Rf7 41. Ke5 Re7+ 42. Kf4 Kf6 43. Kf3 g5 44. hxg5+ Kxg5 45. Ra8 Rh7 46.
Rg8+ Kf6 47. Kf4 Rf7 48. Rg2 Re7 49. Rg8 Re4+ 50. Kf3 h5 51. Rf8+ Kg6 52. Rg8+
Kf7 53. Rg5 Kf6 1/2-1/2

[Event "SV Königsspringer Haltern 1 - SV Eichli"]
[Site "Verbandsklasse - Gruppe 2 202"]
[Date "2022.05.22"]
[Round "9.4"]
[White "Schulz, Alfons"]
[Black "Witthaus, Martin"]
[Result "1/2-1/2"]
[WhiteElo "1824"]
[BlackElo "1753"]
[PlyCount "34"]
[EventDate "2022.??.??"]
[WhiteTeam "SV Königsspringer Haltern 1"]
[BlackTeam "SV Eichlinghofen 2"]

1. Nf3 d5 2. g3 Nf6 3. Bg2 e6 4. O-O Be7 5. d3 O-O 6. Nbd2 h6 7. e4 dxe4 8.
dxe4 Bc5 9. Qe2 Qe7 10. e5 Nfd7 11. Ne4 Nc6 12. Re1 Nd4 13. Nxd4 Bxd4 14. c3
Bxe5 15. Qh5 f5 16. f4 Bf6 17. Nd2 Qc5+ 1/2-1/2

[Event "SV Königsspringer Haltern 1 - SV Eichli"]
[Site "Verbandsklasse - Gruppe 2 202"]
[Date "2022.05.22"]
[Round "9.5"]
[White "Scholz, Benedict"]
[Black "Poeter, Manfred"]
[Result "1/2-1/2"]
[WhiteElo "1615"]
[BlackElo "1762"]
[PlyCount "110"]
[EventDate "2022.??.??"]
[WhiteTeam "SV Eichlinghofen 2"]
[BlackTeam "SV Königsspringer Haltern 1"]

1. e4 e6 2. d4 d5 3. Nd2 c5 4. exd5 exd5 5. Ngf3 Nf6 6. Bb5+ Bd7 7. Qe2+ Qe7 8.
O-O Qxe2 9. Bxe2 Be7 10. dxc5 Bxc5 11. Nb3 Be7 12. Re1 O-O 13. c3 Nc6 14. Bb5
Rfe8 15. Bg5 h6 16. Bh4 g5 17. Bg3 Ne4 18. Rad1 Be6 19. Nfd4 Rac8 20. Nxc6 bxc6
21. Ba6 Rcd8 22. Nd4 Nxg3 23. hxg3 Rd6 24. Re2 Bf6 25. Nf5 Rdd8 26. Rde1 Bd7
27. Rxe8+ Rxe8 28. Rxe8+ Bxe8 29. Nxh6+ Kg7 30. Nf5+ Kf8 31. Bb7 Bd7 32. g4 Ke8
33. a4 Kd8 34. a5 Kc7 35. a6 Be6 36. f3 Be5 37. Ne7 Bd7 38. Kf1 Kd6 39. Nc8+
Bxc8 40. Bxc8 Kc5 41. Bb7 d4 42. cxd4+ Bxd4 43. b3 f6 44. Ke2 Be5 45. Kd3 Kd5
46. b4 Kd6 47. Ke4 Bf4 48. Kf5 Be5 49. Kg6 Kc7 50. g3 Bxg3 51. Kxf6 Bf4 52. Kf5
Bd2 53. Kf6 Bf4 54. Kg6 Bd2 55. Kf5 Bf4 1/2-1/2

[Event "SV Königsspringer Haltern 1 - SV Eichli"]
[Site "Verbandsklasse - Gruppe 2 202"]
[Date "2022.05.22"]
[Round "9.8"]
[White "Deysenroth, Gerald"]
[Black "Milkert, Sascha"]
[Result "0-1"]
[WhiteElo "1332"]
[BlackElo "1673"]
[PlyCount "66"]
[EventDate "2022.??.??"]
[WhiteTeam "SV Königsspringer Haltern 1"]
[BlackTeam "SV Eichlinghofen 2"]

1. c4 e6 2. g3 d5 3. b3 Nf6 4. Bg2 c6 5. Nf3 Nbd7 6. O-O Bd6 7. d4 O-O 8. c5
Bc7 9. Bb2 Re8 10. a3 e5 11. dxe5 Nxe5 12. Nxe5 Bxe5 13. Bxe5 Rxe5 14. Nd2 Qe7
15. e3 Qxc5 16. b4 Qb6 17. Nb3 Bg4 18. Qc1 Rae8 19. Ra2 Bc8 20. Rd2 Ne4 21. Rd4
Bf5 22. Kh1 Qd8 23. Nd2 Nxd2 24. Qxd2 Qf6 25. Rf4 g5 26. Rd4 Be4 27. f3 Bg6 28.
Re1 Kg7 29. f4 gxf4 30. Rxf4 Qe6 31. Qd4 a6 32. h4 Be4 33. Ref1 Qh3+ 0-1

[Event "SK Germania Kupferdreh 1 - SV Welper 2"]
[Site "Verbandsklasse - Gruppe 2 202"]
[Date "2022.05.22"]
[Round "9.1"]
[White "Marx, Patrick"]
[Black "Schaefer, Johannes"]
[Result "1-0"]
[WhiteElo "1958"]
[BlackElo "1772"]
[PlyCount "67"]
[EventDate "2022.??.??"]
[WhiteTeam "SV Welper 2"]
[BlackTeam "SK Germania Kupferdreh 1"]

1. d4 Nf6 2. Nf3 b6 3. Bf4 Bb7 4. Nbd2 e6 5. e3 Be7 6. Bd3 Nh5 7. O-O Nxf4 8.
exf4 f5 9. Ne5 O-O 10. Ndf3 c5 11. c3 Nc6 12. Bc4 Na5 13. Be2 Rc8 14. dxc5 d6
15. cxd6 Bxd6 16. Re1 Re8 17. Bb5 Re7 18. Qe2 Qc7 19. Ba6 Rd8 20. Bxb7 Nxb7 21.
Rad1 Nc5 22. Nd4 Bxe5 23. Qxe5 Qc8 24. Nxf5 Red7 25. Nd4 Rd5 26. Qe2 Qd7 27.
Qg4 Kf7 28. Re3 Qa4 29. Rde1 Rxd4 30. cxd4 Qxd4 31. Qh5+ Kg8 32. f5 e5 33. Rxe5
Rf8 34. Re8 1-0

[Event "SK Germania Kupferdreh 1 - SV Welper 2"]
[Site "Verbandsklasse - Gruppe 2 202"]
[Date "2022.05.22"]
[Round "9.2"]
[White "Praemaßing, Reiner"]
[Black "Teich, Udo"]
[Result "1-0"]
[WhiteElo "1850"]
[BlackElo "1861"]
[PlyCount "49"]
[EventDate "2022.??.??"]
[WhiteTeam "SK Germania Kupferdreh 1"]
[BlackTeam "SV Welper 2"]

1. e4 e6 2. d4 d5 3. Nc3 Bb4 4. a3 Bxc3+ 5. bxc3 dxe4 6. f3 b6 7. c4 Bb7 8. Bb2
Nf6 9. fxe4 Bxe4 10. Nf3 Nbd7 11. Qe2 O-O 12. g4 Bb7 13. Rg1 c5 14. O-O-O Qc7
15. Rg3 Qf4+ 16. Kb1 Bxf3 17. Rxf3 Qxg4 18. Bh3 Qh5 19. Qg2 e5 20. Rg1 g6 21.
dxe5 Nxe5 22. Rf5 Qh4 23. Rxe5 Qxc4 24. Qf3 Ne8 25. Qxa8 1-0

[Event "SK Germania Kupferdreh 1 - SV Welper 2"]
[Site "Verbandsklasse - Gruppe 2 202"]
[Date "2022.05.22"]
[Round "9.3"]
[White "Heidt, Viktor"]
[Black "Bendel, Ruediger"]
[Result "0-1"]
[WhiteElo "1816"]
[BlackElo "1874"]
[PlyCount "82"]
[EventDate "2022.??.??"]
[WhiteTeam "SV Welper 2"]
[BlackTeam "SK Germania Kupferdreh 1"]

1. c4 e5 2. Nc3 Nc6 3. Nf3 Bc5 4. e3 d6 5. d4 Bb6 6. dxe5 dxe5 7. Qxd8+ Kxd8 8.
Be2 Nf6 9. O-O Bf5 10. b3 Ke8 11. Bb2 e4 12. Nh4 Be6 13. g3 Bc5 14. Nb5 Rc8 15.
Rfd1 Be7 16. Nd4 Nxd4 17. exd4 c6 18. Ng2 h5 19. Re1 Bb4 20. Red1 Rd8 21. a3
Ba5 22. Ne3 Rh6 23. h4 Ng4 24. Nxg4 Bxg4 25. Bxg4 hxg4 26. b4 Bc7 27. Rd2 f5
28. Re2 Kf7 29. Kf1 Rhd6 30. Rd1 Ke6 31. Ree1 g6 32. Kg2 R6d7 33. Re2 a5 34.
Bc3 a4 35. Re3 Be5 36. d5+ cxd5 37. Rxd5 Rxd5 38. cxd5+ Kxd5 39. Bxe5 Kxe5 40.
Kf1 Rd3 41. Ke2 Kd4 0-1

[Event "SK Germania Kupferdreh 1 - SV Welper 2"]
[Site "Verbandsklasse - Gruppe 2 202"]
[Date "2022.05.22"]
[Round "9.4"]
[White "Bauriedel, Friedrich"]
[Black "Leimkuehler, Dirk"]
[Result "1-0"]
[WhiteElo "1803"]
[BlackElo "1798"]
[PlyCount "67"]
[EventDate "2022.??.??"]
[WhiteTeam "SK Germania Kupferdreh 1"]
[BlackTeam "SV Welper 2"]

1. c4 f5 2. Nc3 Nf6 3. g3 g6 4. Bg2 Bg7 5. d3 Nc6 6. f4 O-O 7. Nf3 d6 8. O-O e5
9. e3 h6 10. Bd2 Be6 11. Qa4 Qe7 12. b4 e4 13. Nd4 Nxd4 14. exd4 Bd7 15. Qc2 e3
16. Rae1 Ng4 17. Nd5 Qd8 18. Bc3 c6 19. Nxe3 Qb6 20. Nxg4 fxg4 21. c5 Qc7 22.
d5 Rae8 23. Bxg7 Kxg7 24. Qc3+ Kh7 25. Qd4 cxd5 26. Bxd5 Bf5 27. cxd6 Qb6 28.
Qxb6 axb6 29. Re7+ Kh8 30. Rc1 Bxd3 31. Rcc7 g5 32. Bc4 Bb1 33. Rxe8 Rxe8 34.
d7 1-0

[Event "SK Germania Kupferdreh 1 - SV Welper 2"]
[Site "Verbandsklasse - Gruppe 2 202"]
[Date "2022.05.22"]
[Round "9.5"]
[White "Wallhof, Dieter"]
[Black "Zagrabski, Kevin"]
[Result "1-0"]
[WhiteElo "1804"]
[BlackElo "1885"]
[PlyCount "121"]
[EventDate "2022.??.??"]
[WhiteTeam "SV Welper 2"]
[BlackTeam "SK Germania Kupferdreh 1"]

1. Nf3 d5 2. g3 Nf6 3. Bg2 c6 4. b3 Bf5 5. Bb2 e6 6. d3 Bc5 7. O-O Nbd7 8. Nbd2
h6 9. c4 O-O 10. a3 a5 11. Nd4 Bg4 12. Nc2 Qe7 13. d4 Bd6 14. Ne3 Bh5 15. f4
Rfe8 16. c5 Bc7 17. Nf3 Ne4 18. Ne5 f6 19. Nxd7 Qxd7 20. Bxe4 dxe4 21. Qc2 Bg6
22. Rad1 Rad8 23. b4 axb4 24. axb4 Qf7 25. Ra1 Bh7 26. Qb3 Bb8 27. Bc3 Qh5 28.
Rf2 Kh8 29. Qb2 Bg6 30. b5 e5 31. dxe5 fxe5 32. f5 Bf7 33. b6 Qg5 34. Qc1 Rd7
35. Kg2 Red8 36. h4 Qe7 37. Qa3 g5 38. f6 Qe6 39. hxg5 hxg5 40. Rh1+ Kg8 41.
Rh6 Kf8 42. Qc1 Bg8 43. Qh1 Rf7 44. Qh5 Rdd7 45. Qxg5 Rh7 46. Rf5 Qb3 47. f7
Rhxf7 48. Rxf7+ Bxf7 49. Qf6 Ke8 50. Nf5 Bg8 51. Ng7+ Rxg7 52. Qxg7 Qf7 53.
Bxe5 Qxg7 54. Bxg7 Kf7 55. Bd4 Ke8 56. e3 Kf7 57. g4 Kf8 58. Kh3 Kf7 59. Rf6+
Ke7 60. g5 Be6+ 61. Kh4 1-0

[Event "SK Germania Kupferdreh 1 - SV Welper 2"]
[Site "Verbandsklasse - Gruppe 2 202"]
[Date "2022.05.22"]
[Round "9.6"]
[White "Degner, Friedhelm"]
[Black "Sharma, Rakesh"]
[Result "1-0"]
[WhiteElo "1765"]
[BlackElo "1762"]
[PlyCount "81"]
[EventDate "2022.??.??"]
[WhiteTeam "SK Germania Kupferdreh 1"]
[BlackTeam "SV Welper 2"]

1. e4 c6 2. d4 d5 3. Nc3 dxe4 4. Nxe4 Nf6 5. Ng3 h5 6. Bc4 h4 7. N3e2 h3 8. g3
e5 9. Nf3 exd4 10. Nexd4 Qe7+ 11. Qe2 Nbd7 12. Qxe7+ Bxe7 13. Nf5 Kf8 14. Nxe7
Kxe7 15. O-O b5 16. Re1+ Kf8 17. Bb3 c5 18. c3 Bb7 19. Ng5 c4 20. Bc2 g6 21.
Bf4 Nd5 22. Bd6+ Kg7 23. Rad1 Rae8 24. a4 a6 25. axb5 axb5 26. Be4 N7f6 27. Bc5
Rh5 28. Bxd5 Rxe1+ 29. Rxe1 Bxd5 30. f4 Ng4 31. Bd4+ Kf8 32. Bc5+ Kg7 33. Re7
Rxg5 34. fxg5 Bc6 35. Rc7 Bd5 36. Rc8 f5 37. Bd4+ Kf7 38. Rc5 Be4 39. Rxb5 Bd3
40. Rb7+ Ke6 41. Rh7 1-0